[Event "GER-chT U12"]
[Site "Magdeburg"]
[Date "2021.08.08"]
[Round "7.9"]
[White "Marrufo, Emilia"]
[Black "Mende, Lukas"]
[Result "0-1"]
[WhiteElo "898"]
[BlackElo "1044"]
[PlyCount "104"]
[EventDate "2021.08.04"]
[EventType "team-swiss"]
[EventRounds "7"]
[EventCountry "GER"]
[SourceTitle "EXT 2022"]
[Source "ChessBase"]
[SourceDate "2021.10.06"]
[SourceVersion "1"]
[SourceVersionDate "2021.10.06"]
[SourceQuality "1"]
[WhiteTeam "Werder Bremen"]
[BlackTeam "Fritzdorf"]
[WhiteTeamCountry "GER"]
[BlackTeamCountry "GER"]

1. d4 d5 2. Bf4 Nf6 3. e3 e6 4. Nf3 c5 5. c3 c4 6. Be2 Nc6 7. 0-0 Bd6 8. Bxd6 Qxd6 9. Nbd2 0-0 10. Re1 e5 11. dxe5 Nxe5 12. Nxe5 Qxe5 13. Nf3 Qe4 14. Nd4 Qg6 15. Bf3 Bh3 16. g3 Rad8 17. Nc2 Bg4 18. Nb4 Bxf3 19. Qxf3 a5 20. Nc2 Qxc2 21. Re2 Qe4 22. Qxe4 Nxe4 23. Rd1 b5 24. Rd4 Nf6 25. e4 Nxe4 26. f3 Nf6 27. Re7 b4 28. Ra7 bxc3 29. bxc3 Ra8 30. Rc7 Rfe8 31. Rd1 Re3 32. f4 Rxc3 33. Re1 h6 34. a4 Ra3 35. Kg2 Rxa4 36. Kh3 Ra2 37. Rg1 a4 38. Rb7 c3 39. Rc1 d4 40. Rb4 Rd8 41. Rc4 c2 42. R1xc2 Rxc2 43. Rxc2 d3 44. Rd2 Ne4 45. Rd1 Nf2+ 46. Kh4 Nxd1 47. Kh3 Nf2+ 48. Kg2 d2 49. Kxf2 d1Q 50. Kg2 Qg4 51. Kf2 Rd2+ 52. Ke3 Qe2# 0-1